Fattori sociopsichiatrici dell'omosessualità e loro implicazioni terapeutiche

Salvato in:
Dettagli Bibliografici
Autore principale: Callieri, Bruno
Altri autori: Frighi, L.
Natura: Libro
Lingua:inglese
Tags: Aggiungi Tag
Nessun Tag, puoi essere il primo ad aggiungerne!!

MARC

LEADER 00000nam a2200000 4500
005 20240724163350.0
008 240724b |||||||| |||| 00| 0 eng d
040 |c GP 
100 |a Callieri, Bruno 
245 |a Fattori sociopsichiatrici dell'omosessualità e loro implicazioni terapeutiche 
700 |a Frighi, L. 
942 |2 ddc  |c BK  |n 0 
952 |0 0  |1 0  |2 ddc  |4 0  |6 155_300000000000000_CAL  |7 1  |9 1681  |a RM  |b RM  |d 2024-07-24  |l 0  |o 155.3 CAL  |p 227  |r 2024-07-24 16:34:09  |w 2024-07-24  |y BK 
999 |c 1494  |d 1494